LIBRARY ONLINE CATALOGUE

Detribalization : (Record no. 13286)

MARC details
000 -LEADER
fixed length control field 00742nam a22001932 4500
001 - CONTROL NUMBER
control field 0000009768
005 - DATE AND TIME OF LATEST TRANSACTION
control field 20151217155844.0
008 - FIXED-LENGTH DATA ELEMENTS--GENERAL INFORMATION
fixed length control field 081127s xx 000 0 eng d
040 ## - CATALOGING SOURCE
Original cataloging agency KABU
Transcribing agency KABU
100 1# - MAIN ENTRY--PERSONAL NAME
Personal name Molohan, M. J. B.
-- 0000161547
245 10 - TITLE STATEMENT
Title Detribalization :
Remainder of title a study of the areas of Tanganyika where detribalized persons are living with recommendations as to the administrative and other measures required to meet the problems arising therein /
Statement of responsibility, etc. by M. J. B. Molohan.
250 ## - EDITION STATEMENT
Edition statement 1st ed.
260 ## - PUBLICATION, DISTRIBUTION, ETC. (IMPRINT)
Place of publication, distribution, etc. Arusha, Tanzania :
Name of publisher, distributor, etc. PC,
Date of publication, distribution, etc. 1957.
300 ## - PHYSICAL DESCRIPTION
Extent vi, 94 p.
651 #0 - SUBJECT ADDED ENTRY--GEOGRAPHIC NAME
Geographic name Tanzania
General subdivision Social conditions.
-- 0000161548
852 1# - LOCATION
-- p100 KES
908 ## - PUT COMMAND PARAMETER (RLIN)
Put command parameter 081127
950 ## - LOCAL HOLDINGS (RLIN)
-- 1
Holdings
Withdrawn status Lost status Source of classification or shelving scheme Not for loan Home library Current library Date acquired Total Checkouts Full call number Barcode Date last seen Price effective from Koha item type
    Library of Congress Classification   Kabarak, Main Campus Kabarak, Main Campus 17/12/2015   HN897 .M65 c. 1 15626 17/12/2015 17/12/2015 Africana Collection